header

Liberty (Record no. 263559)

MARC details
000 -LEADER
fixed length control field 00212nam a22000977a 4500
020 ## - INTERNATIONAL STANDARD BOOK NUMBER
ISBN 9780545840712
100 ## - MAIN ENTRY--AUTHOR NAME
Personal name Kirby Larson
245 ## - TITLE STATEMENT
Title Liberty
260 ## - PUBLICATION, DISTRIBUTION, ETC. (IMPRINT)
Place of publication New York
Name of publisher Scholastic Press
Year of publication 2016.
942 ## - ADDED ENTRY ELEMENTS (KOHA)
Koha item type Long Loan Books
Holdings
Withdrawn status Lost status Collection code Home library Current library Shelving location Date acquired Accession Number Koha item type
    Fiction Rongo University Library Rongo University Library Children's Area 07/05/2024 CL20232889 Long Loan Books

© 2026 Rongo University
Contact us: librarian | system librarian | Rongo university